• 首页
  • 本馆介绍
  • 公告通知
  • 最新文献
  • 馆藏检索
  • 电子资源
  • 读者导购
  • 参考咨询
  • 我的图书馆
  • 登录
  • 详细信息显示
  • 放入我的书架
  • 预约/预借图书
  • 作者相关作品
  • 分类相关作品
  • 丛书相关作品
  • 出版社相关作品

书目信息

  • 表格格式
  • 工作单格式
  • 卡片格式
题名:
鞅与随机积分引论
    
 
作者: 严加安 编著
分册:  
出版信息: 上海   上海科学技术出版社  1981
页数: 409页
开本: 21cm
丛书名:
单 册:
中图分类: O211.6
科图分类:
主题词: 鞅 , 随机积分
电子资源:
ISBN:
000 00654nam0 2200241 45
001 0181005140
005 20060411170513.26
010    @dCNY1.95
091    @a13119.887
100    @a19950608d1981 em y0chiy0121 ea
101 0  @achi
102    @aCN@b310000
105    @ay z 000yy
200 10 @a鞅与随机积分引论@Ayang yu sui ji ji fen yin lun@f严加安编著@Fyan jia an bian zhu
210    @a上海@c上海科学技术出版社@d1981
215    @a409页@d21cm
606    @a鞅
606    @a随机积分
690    @aO211.6@v3
701  0 @a严加安@Ayan jia an@4编著
801  2 @aCN@bNLC@c20060411
801  0 @aCN@b上海图书馆@c20040521
905    @f1@b48370@dO211.6@e17
    
    鞅与随机积分引论/严加安编著.-上海:上海科学技术出版社,1981
    409页;21cm
    
    
    ISBN :CNY1.95
    
●
相关链接 在E读中查询图书 在五车中查询图书 在当当中查询图书 在豆瓣中查询图书


正题名:鞅与随机积分引论     索取号:O211.6/17         预约/预借

序号 登录号 条形码 馆藏地/架位号 状态 备注
1 0048369   202255380   密集书库/ [索取号:O211.6/17] 在馆    
2 0048370   000403708   第三借阅区/ [索取号:O211.6/17] 在馆    
3 0048371   202255353   密集书库/ [索取号:O211.6/17] 在馆    
4 0048372   202254782   密集书库/ [索取号:O211.6/17] 在馆    
5 0048373   000403717   第二样本阅览室/ [索取号:O211.6/17] 在馆    
唐山师范学院图书馆 欢迎您!
大连网信软件有限公司© 版权所有